Normal view
MARC view
- حجاب المرأة- المرأة المسلمة- الفقه الاسلامي
Entry Topical Term
001 - CONTROL NUMBER
- control field: 7965
003 - CONTROL NUMBER IDENTIFIER
- control field: JO-AjAnu
005 - DATE AND TIME OF LATEST TRANSACTION
- control field: 20230606071603.0
008 - FIXED-LENGTH DATA ELEMENTS
- fixed length control field: 230606|| aca||aabn | a|a d
040 ## - CATALOGING SOURCE
- Original cataloging agency: JO-AjAnu
- Transcribing agency: JO-AjAnu
150 ## - HEADING--TOPICAL TERM
- Topical term or geographic name entry element: حجاب المرأة- المرأة المسلمة- الفقه الاسلامي
670 ## - SOURCE DATA FOUND
- Source citation: Work cat.: (JO-AjAnu)4113: بن باز، عبد العزيز بن عبد الله ؛ تحقيق وتعليق: المكتب السلفي لتحقيق التراث, author 7964, الحجاب والسفور في الكتاب والسنة